| 000 | 01188nam a22003377a 4500 | ||
|---|---|---|---|
| 003 | CHAP | ||
| 005 | 20251001095112.0 | ||
| 008 | 971013s1993 r 00010 d | ||
| 010 | _a7951 | ||
| 011 | _a8923 | ||
| 035 | _a8157 | ||
| 040 | _cCHAP | ||
| 090 | _aTesis | ||
| 100 | 1 | 0 |
_aAlejandro Fernández, Julia _93748 |
| 245 | _aEstudio de factibilidad técnico-económico para la puesta en marcha de un beneficio húmedo de café, en el municipio de Tlachichilco, Ver. | ||
| 260 |
_aChapingo, Méx. : _bEl autor, _c1993 |
||
| 300 |
_a106 h. _e+ anexo |
||
| 502 | _aTesis (Ing. Agroindustrial) -- UACH. Departamento de Ingeniería Agroindustrial | ||
| 590 |
_aALEPH _b10 _c20130110 _lUCH01 _h1220 |
||
| 590 |
_aBATCH-UPD _b10 _c20130110 _lUCH01 _h0854 |
||
| 590 |
_aBATCH-UPD _b10 _c20130410 _lUCH01 _h0525 |
||
| 590 |
_aBATCH-UPD _b10 _c20130914 _lUCH01 _h0807 |
||
| 590 |
_aCONVERSION _b10 _c20130109 _lUCH01 _h1305 |
||
| 650 | 1 | 4 |
_aCafé _xAspectos económicos _xVeracruz. _917108 |
| 650 | 1 | 4 |
_aCafé _xRendimiento. _917196 |
| 650 | 1 | 4 |
_aCafé _zVeracruz. |
| 700 | 1 |
_aVega Mena, Maricela de la _9118286 |
|
| 901 | _aBK | ||
| 942 | _cTESIS | ||
| 949 |
_bBC _cTES _d-18309 _eTS1 _h26176 _i8157 _si |
||
| 999 |
_c7951 _d7951 |
||